header

Mastering Autodesk Inventor 2009 and Autodesk Inventor LT 2009 (Record no. 32024)

MARC details
000 -LEADER
fixed length control field 01244nam a2200313Ia 4500
245 00 - TITLE STATEMENT
Title Mastering Autodesk Inventor 2009 and Autodesk Inventor LT 2009
250 ## - EDITION STATEMENT
Edition statement 1st ed.
260 ## - PUBLICATION, DISTRIBUTION, ETC. (IMPRINT)
Place of publication Hoboken, NJ :
Name of publisher Wiley Technology Pub.,
Year of publication 2008.
300 ## - PHYSICAL DESCRIPTION
Number of Pages xxv, 574 p.
650 #0 - SUBJECT ADDED ENTRY--TOPICAL TERM
Topical Term Engineering graphics.
Topical Term Engineering models
700 1# - ADDED ENTRY--PERSONAL NAME
Personal name Waguespack, Curtis,
856 40 - ELECTRONIC LOCATION AND ACCESS
Uniform Resource Identifier http://site.ebrary.com/lib/rucke/Doc?id=10257643

No items available.

© 2026 Rongo University
Contact us: librarian | system librarian | Rongo university